Online Catalogue and eLibrary

Sri Lanka's plantations in the 90's : (Record no. 2748)

MARC details
000 -LEADER
fixed length control field 00434nam a2200145Ia 4500
005 - DATE AND TIME OF LATEST TRANSACTION
control field 20240515042953.0
008 - FIXED-LENGTH DATA ELEMENTS--GENERAL INFORMATION
fixed length control field 240331s9999 xx 000 0 und d
082 ## - DDC Classification
Item Number - Author Mark SRI
Class No. 333
245 #0 - TITLE STATEMENT
Title Sri Lanka's plantations in the 90's :
Remainder of title the thatched patio special issue,Vol..4 No..3-May/June 1991
260 ## - PUBLICATION, DISTRIBUTION, ETC.
Place of publication, distribution, etc. Colombo
Name of publisher, distributor, etc. International Centre for Ethnic Studies
Date of publication, distribution, etc. 1991
300 ## - PHYSICAL DESCRIPTION
Extent (e.g. Volumes, Pages etc.) 83 p .,
650 ## - SUBJECT ADDED ENTRY--TOPICAL TERM
Topical term or geographic name entry element Political
650 ## - SUBJECT ADDED ENTRY--TOPICAL TERM
Topical term or geographic name entry element Law
942 ## - Koha item type (Biblio)
Koha item type Books in Stacks (Lending)
Holdings
Lost status Damaged status Collection code Home library Current library Shelving location Date acquired Full call number Accession Number Item type
    Lending WERC Library WERC Library Social Science Cupboard 03/31/2024 333.095493 SRI 658 Books in Stacks (Lending)

© WERC Library